00909cam a22002651 4500001001300000003000400013005001700017008004100034010001700075035001800092040002600110042001200136050002300148051002400171110007200195245006700267246004900334260008500383300001700468440006500485500001200550650002300562650002500585700003300610hew59000071 DLC20260227111509.0731119u19uuuuuudcu f000 0 eng  ahew59000071  a(OCoLC)744094 aDLCcOClUdOCoLCdDLC apremarc00aL111b.A72 subser. aLB2305b.U52cSet 21 aUnited States.bOffice of Education.bDivision of Higher Education.10aSpecial reports, clearinghouse of studies on higher education.3 aClearinghouse of studies on higher education aWashington :bU.S. Dept. of Health, Education, and Welfare, Office of Education, av. ;c26 cm. 0aCircular (United States. Office of Education) ;vno. <563>- aSerial. 0aEducation, Higher. 0aEducationxResearch.1 aHatch, Winslow Roper,d1908-